| 000 | 00614nam a2200193Ia 4500 | ||
|---|---|---|---|
| 001 | 2428 | ||
| 008 | 140314s9999 xx 000 0 und d | ||
| 020 | _a0023063319 | ||
| 040 | _cPK-LaUMT | ||
| 082 |
_a 510 _bBAR-E |
||
| 100 | _aBarnett, Raymond A. | ||
| 245 |
_aEssentials of college mathematics _bFor business, economics, life sciences, and social sciences _cBarnett, Raymond A.<>Ziegler, Michael R., Jt. Auth. |
||
| 260 |
_aSan Francisco,USA: _bDellen Publishing Company, _c1989 |
||
| 300 | _a731 p. | ||
| 546 | _aEN | ||
| 650 | _aMathematics-1961- | ||
| 700 | _aZiegler, Michael R., Jt. Auth. | ||
| 942 | _cBK | ||
| 999 |
_c2738 _d2738 |
||